000 00522nam a2200181Ia 4500
999 _c28423
_d28423
003 OSt
005 20201228120710.0
008 190216s9999||||xx |||||||||||||| ||und||
020 _a9788171809905
040 _coclc
082 _a894.8129
_bKER/N
100 _aKeralasahithyasamithi
_97908
245 0 _aNeeranjanam /
_cKeralasahithyasamithi
260 _bPoorna Publications,
_aKozhikode:
_c2003.
300 _a131p
650 _aMalayalam
942 _cBK
_2ddc
_h894.8129
_iKER/N
_k894.8129
_mKER/N